Ricostruisci la Carriera del Calciatore - Medhi Benatia - Statistics

Statistiche generali
  • Questo quiz è stato fatto 7 volte
  • Il punteggio medio è 4 su 10
Statistiche sulle risposte
Hint Risposta % Corretto
2016-2019 Juventus
80%
2004-2006 Olympique Marsiglia 2
80%
2010-2013 Udinese
60%
2014-2016 Bayern Monaco
40%
2008-2010 Clermont Foot
40%
2013-2014 Roma
40%
2019-2021 Al-Duhail
20%
2021 Fatih Karagümrük
20%
2007-2008 Lorient
20%
2006-2007 Tours
0%
Nessun quiz corrispondente trovato
Distribuzione punteggi
Percentuale di utenti per punteggio
Percentile per numero di risposta
I tuoi punteggi nel tempo
Non hai fatto questo quiz